000 01350nam a2200289 c 4500
999 _c187966
_d187966
003 BLK
005 20200610083456.0
008 180411b bul|||||r ||||||| ||bul||
010 _aKNG00196984000
040 _aBLK
041 _aBUL
_cBUL
080 _aБългарска литература
_b821.163.2
_x-4
_z821.163.2-4
100 1 _aСтоянов, Людмил
_eпърви автор
_gЗлатарев, Георги Стоянов
_9367666
139 _aСтоянов, Людмил
_bС 83
245 1 0 _aИзбрани творби
_bВ 2 т.
_cЛюдмил Стоянов; подб. и ред. Борис Делчев.
_nТ. 2.
_pПублицистика ; Литературни статии
257 _aBGR
260 _bБълг. писател
_c1983
_fВраца : В. Александров
_aСофия
300 _c21 см
380 _aX
700 1 _aДелчев, Борис
_eподб. и ред.
_gСтойчев, Борис Делчев
_9363811
760 1 _aСтоянов, Людмил
_d1983
_h443 с.
_n8113 тир. - Съдържа и биогр. скица / Христо Дудевски.
_tТ. 2. Публицистика ; Литературни статии
852 _aЦб 122452
856 4 _qpdf
856 4 _qpdf
942 _cKNG
_n0
_s1
944 _aCR
_c29.11.2016
_kНора_Радева
944 _aED
_c29.11.2016
_kНора_Радева
999 _d187966